| 000 | 00348nam a2200145Ia 4500 | ||
|---|---|---|---|
| 008 | 220204s9999 xx 000 0 und d | ||
| 082 |
_a595.7 _bLIT |
||
| 100 | _aLITTLE, V A | ||
| 245 | 0 | _aGeneral and applied entomology. | |
| 250 | _aEd.3 | ||
| 260 |
_aNew Delhi _bOxford & IBH _c1963 |
||
| 650 | _aEntomology | ||
| 650 | _aInsects | ||
| 942 | _cBK | ||
| 999 |
_c27367 _d27367 |
||